Statystyki dla Miasta na literę K w lubelskim

Kliknij tutaj aby rozwiązać quiz!

Ogólne statystyki

  • Ten quiz został rozwiązany 20 razy
  • Średni wynik to 3 z 6

Statystyki odpowiedzi

PopulacjaMiasto% Poprawnych
33 382Kraśnik
89%
18 169Krasnystaw
79%
2525Kazimierz Dolny
47%
3067Krasnobród
37%
3183Kock
26%
1663Kamionka
11%

Rozkład punktacji

Percentyl według liczby udzielonych odpowiedzi

Procent ludzi z każdym wynikiem

Twoja historia wyników

Nie rozwiązałeś tego quizu